000 00697 a2200217 4500
001 48465
005 20260407155749.0
008 260407a2008 arg spa d
003 AR-UNSa-BCEJYS
040 _aAR-UNSa-BCEJYS
_bspa
_cAR-UNSa-BCEJYS
080 _a347.6
_xDerecho de familia. derecho de sucesiones. herederos
245 1 0 _aLa infancia herida
020 _a978-950-894-698-0
264 1 _aBuenos Aires :
_bAD-HOC
_c2008
300 _a112 p.
_c23 cm.
505 _a1. Fábulas de vida; 2. Melancolía de los derechos; 3. Casos difíciles; 4. Atmósfera de fiesta; 5. Desidias
041 _aspa
942 _cBK
590 _aniveau_biblio:m niveau_hierar:0
100 1 _aResta, Eligio
999 _c4604
_d4604